00000000nam 2200000za 4500
0019.660996
003CaOODSP
00520250106080140
007ta
008150407|1999||||xxc|||||     f|0| 0 fre d
020 |a0-662-64252-X
040 |aCaOODSP|bfre
041 |aeng
041 |afre
043 |an-cn---
0861 |aV32-59/1999
1101 |aCanada. |bAnciens combattants Canada.
24510|aNormandie 1944 / |cpar J. L. Granatstein.
250 |aÉdition révisée.
260 |aOttawa - Ontario : |bAnciens Combattants Canada |c1999.
300 |aTexte français, 62p. : |bill., carte ; |c22 cm.
500 |a«Publié afin de marquer le 55e anniversaire des débarquements du jour J et de la campagne en Normandie.»--Verso de la couverture.
5203 |aPublié afin de marquer le 55e anniversaire des débarquements du jour J et de la campagne en Normandie.--Verso de la couverture
546 |aBilingue
563 |aCouverture souple
590 |a99-24|b1999-06-18
69107|aAncien combattant|2gcpds
69107|aGuerre mondiale, 1939-1945|2gcpds
7201 |aGranatstein, J. L.
7760#|tNormandie 1944 / |w(CaOODSP)9.946511
791 |tNormandy 1944 / |eeng|w(CaOODSP)9.660995